000 00834nam a2200217 a 4500
001 000045627
005 20201002052344.0
008 150417s1989 dr a 000 0 spa d
040 _aDO-SdBNP
_bspa
_cBNPHU
082 _axxxx
_bxxxx
100 1 _aPérez, Faustino,
_d1945-
_97195
245 1 0 _aLuz (contra) luz /
_cFaustino Pérez.
260 _aSanto Domingo :
_bUniversitaria, UASD,
_c1989.
300 _a197 p. :
_bil. ;
_c20 cm.
490 1 _aPublicaciones de la Universidad Autónoma de Santo Domingo
_v425
490 1 _aArte y sociedad
_v34
500 _aIncluye datos biográficos del autor en la solapa de la contracubierta
590 _aPerteneció a la biblioteca personal de Erick Landestoy.
830 0 _aPublicaciones de la Universidad Autónoma de Santo Domingo ;
_n425
_973692
830 0 _aArte y sociedad ;
_n34
_973693
999 _c45116
_d45116